00613 2200205 4500001002100000005001500021035002000036007000300056008004100059020001800100082001100118084001700129100002100146245012800167250001100295260003300306300003100339504002800370990000900398INLIS00000000000578220200622104038 a0010-0620000062ta200622 g 0 ind  a9786029434866 a612.66 a612.66 WER b0 aWERDAYANTI, rina1 aBapak ASI dan Ibu Bekerja Menyusui :bASI itu simple, hemat, gak pakai uthak-uthik tinggal tancep, beres /cRina Werdayanti aCet. 1 aYogyakarta :bFamilia,c2015 avi, 68 hlm ;c14,8 x 21 cm aBibliografi : Hal 69-70 a5722